11 najbardziej katolickich stanów USA - Statystyki

Ogólne statystyki
  • Ten quiz został rozwiązany 21 razy
  • Średni wynik to 4 z 11
Statystyki odpowiedzi
% Stan % Poprawnych
31 Nowy Jork
78%
28 Kalifornia
67%
34 Nowy Meksyk
61%
28 Illinois
39%
34 Massachusetts
39%
26 Luizjana
33%
34 New Jersey
28%
33 Connecticut
22%
26 Dakota Północna
22%
26 New Hampshire
17%
42 Rhode Island
17%
Nie znaleziono quizów pasujących do podanych kryteriów
Rozkład punktacji
Procent ludzi z każdym wynikiem
Percentyl według liczby udzielonych odpowiedzi
Twoja historia wyników
Nie rozwiązałeś tego quizu